All the Feels / Tous les sens : Affect and Writing in Canada / Affect et ecriture au Canada (Record no. 89486)

MARC details
000 -LEADER
fixed length control field 02088nam a2200217Ia 4500
000 - LEADER
fixed length control field 02570naaa 00301uu
001 - CONTROL NUMBER
control field https://directory.doabooks.org/handle/20.500.12854/64130
005 - DATE AND TIME OF LATEST TRANSACTION
control field 20260218105516.0
008 - FIXED-LENGTH DATA ELEMENTS--GENERAL INFORMATION
fixed length control field 211013s9999 xx 000 0 und d
042 ## - AUTHENTICATION CODE
Authentication code dc
245 #0 - TITLE STATEMENT
Title All the Feels / Tous les sens : Affect and Writing in Canada / Affect et ecriture au Canada
260 ## - PUBLICATION, DISTRIBUTION, ETC.
Place of publication, distribution, etc. Edmonton, AB, Canada
Name of publisher, distributor, etc. University of Alberta Press
Date of publication, distribution, etc. 2021
300 ## - PHYSICAL DESCRIPTION
Extent 1 electronic resource (312 p.)
520 ## - SUMMARY, ETC.
Summary, etc. All the Feels / Tous les sens presents research into emotion and cognition in Canadian, Indigenous, and Quebecois writings in English or French. Affect is both internal and external, private and public; with its fluid boundaries, it represents a productive dimension for literary analysis. The emerging field of affect studies makes vital claims about ethical impulses, social justice, and critical resistance, and thus much is at stake when we adopt affective reading practices. The contributors ask what we can learn from reading contemporary literatures through this lens. Unique and timely, readable and teachable, this collection is a welcome resource for scholars of literature, feminism, philosophy, and transnational studies as well as anyone who yearns to imagine the world differently. Contributors: Nicole Brossard, Marie Carriere, Matthew Cormier, Kit Dobson, Nicoletta Dolce, Louise Dupre, Margery Fee, Ana Maria Fraile-Marcos, Smaro Kamboureli, Aaron Kreuter, Daniel Laforest, Carmen Mata Barreiro, Ursula Mathis-Moser, Heather Milne, Eric Schmaltz, Maite Snauwaert, Jeanette den Toonder
540 ## - TERMS GOVERNING USE AND REPRODUCTION NOTE
Terms governing use and reproduction Creative Commons
653 ## - INDEX TERM--UNCONTROLLED
Uncontrolled term interdisciplinary, intercultural, bilingual, humanities, diversity, decolonizing, philosophical theory, poetics, emotion, imagination, semiotics, resistance, feminism, Quebec
700 1# - ADDED ENTRY--PERSONAL NAME
Personal name Carriere, Marie
856 ## - ELECTRONIC LOCATION AND ACCESS
Uniform Resource Identifier <a href="https://docs.google.com/spreadsheets/d/1yKIrdCPDAG_9c22mwoOIO2DOhtj65Wqa/edit?usp=sharing&ouid=106555315294820607512&rtpof=true&sd=true ">https://docs.google.com/spreadsheets/d/1yKIrdCPDAG_9c22mwoOIO2DOhtj65Wqa/edit?usp=sharing&ouid=106555315294820607512&rtpof=true&sd=true </a>
Link text List of Curated E-Books
942 ## - ADDED ENTRY ELEMENTS (KOHA)
Koha item type E-Book

No items available.

University of Rizal System
Email us at univlibservices@urs.edu.ph

Visit our Website www.urs.edu.ph/library